| 000 | 00913nam a2200277 i 4500 | ||
|---|---|---|---|
| 001 | 44712 | ||
| 003 | ES-MaACL | ||
| 005 | 20230906161100.0 | ||
| 007 | t| | ||
| 008 | 030324s1975 sp ||||1| spa d | ||
| 020 | _a84-301-0641-3 | ||
| 100 | 0 |
_aSchnitzer, Luda. _9104592 |
|
| 245 | 1 | 3 |
_aEl cine soviético visto por sus creadores / _cLuda y Jean Schnitzer, Marcel Martin ; prólogo, Miquel Porter i Moix ; [tradujeron Loly Morán y Juan Antonio P. Millán]. |
| 260 |
_aSalamanca : _bSígueme, _c1975. |
||
| 300 |
_a228 p., 8 lám. ; _c21 cm. |
||
| 490 | 1 |
_aZoom ; _v1 |
|
| 650 | 4 |
_aCine- _zURSS. _9171040 |
|
| 700 | 1 |
_aSchnitzer, Jean. _9104591 |
|
| 700 | 1 |
_aMartín, Marcel. _977346 |
|
| 700 | 1 |
_aPorter i Moix, Miquel. _993234 |
|
| 700 | 1 |
_aMorán, Loly. _983107 |
|
| 700 | 1 |
_aMillán, Juan Antonio P. _981132 |
|
| 830 | 1 |
_aZoom ; _v1 _9184421 |
|
| 852 |
_aES-MaACL _jE-7993 |
||
| 999 |
_c44712 _d44712 |
||